| 000 | 00498nam a2200181Ia 4500 | ||
|---|---|---|---|
| 005 | 20250326124147.0 | ||
| 008 | 250326s9999 xx 000 0 und d | ||
| 037 | _aTextbook | ||
| 040 |
_aFMSL _beng _cFMSL |
||
| 041 |
_aeng _2eng |
||
| 084 |
_aX:51 L1;2;1 _qFMSL |
||
| 100 |
_aDrucker P F _9735093 |
||
| 245 | 0 |
_aNew Markets and other essays _cDrucker P F |
|
| 260 |
_aLondon _bLondon, Heinemann _c1971 |
||
| 300 | _a226p | ||
| 942 |
_cTB _hX:51 L1;2;1 |
||
| 999 |
_c1272538 _d1272538 |
||